|
|
|
|
| LEADER |
00000nam0a2200000 4500 |
| 001 |
41571 |
| 005 |
20231031014445.0 |
| 035 |
|
|
|a (RuTPU)RU\TPU\book\42698
|
| 090 |
|
|
|a 41571
|
| 100 |
|
|
|a 20020625d1972 m y0rusy50 ca
|
| 101 |
0 |
|
|a rus
|
| 102 |
|
|
|a RU
|
| 105 |
|
|
|a a j 000zy
|
| 200 |
1 |
|
|a Сборник задач по машиностроительной гидравлике
|e учебное пособие
|f Д.-Г. А. Бутаев, З. А. Калмыкова, Л. Г. Подвидз и др.
|g Под ред. И. И. Куколевского и Л. Г. Подвидза
|
| 205 |
|
|
|a 3-е изд., перераб. и доп.
|
| 210 |
|
|
|a Москва
|c Машиностроение
|d 1972
|
| 215 |
|
|
|a 471 с.
|c ил.
|
| 300 |
|
|
|a 2-е изд. вышло под загл.: Задачник по гидравлике
|
| 520 |
1 |
|
|a Задачник по гидравлике
|
| 610 |
1 |
|
|a физика
|
| 610 |
1 |
|
|a гидравлика
|
| 610 |
1 |
|
|a машиностроительная гидравлика
|
| 610 |
1 |
|
|a гидродвигатели
|
| 610 |
1 |
|
|a гидродинамика
|
| 610 |
1 |
|
|a гидростатика
|
| 610 |
1 |
|
|a задачи
|
| 610 |
1 |
|
|a учебные пособия
|
| 675 |
|
|
|a 532(076)
|v 3
|
| 701 |
|
1 |
|a Бутаев
|b Д.-Г. А.
|g Девлет-Гирей Асланбекович
|
| 701 |
|
1 |
|a Калмыкова
|b З. А.
|g Зинаида Алексеевна
|
| 701 |
|
1 |
|a Подвидз
|b Л. Г.
|g Лев Григорьевич
|
| 701 |
|
1 |
|a Попов
|b К. Н.
|g Кирил Николаевич
|
| 701 |
|
1 |
|a Рождественский С. И.
|g Сергей Николаевич
|
| 701 |
|
1 |
|a Яньшин
|b Б. И.
|g Борис Иванович
|
| 702 |
|
1 |
|a Куколевский
|b И. И.
|g Иван Иванович
|4 340
|
| 702 |
|
1 |
|a Подвидз
|b Л. Г.
|g Лев Григорьевич
|4 340
|
| 801 |
|
1 |
|a RU
|b 63413507
|c 20020625
|g PSBO
|
| 801 |
|
2 |
|a RU
|b 63413507
|c 20150611
|g PSBO
|
| 942 |
|
|
|c BK
|